000 00647nam a2200205 a 4500
001 BRCA_1142
005 20190320203311.0
008 960424s1986 mx-a---###---#000-0#spa-d
020 _a9687266015
050 4 _aNB1930
_b.F54 1986
245 1 0 _aLa figura en la escultura mexicana
_cLily Kassner ... [et al.]
260 _aMéxico
_bBancreser
_c1986
300 _a214 p.
_bil. (algunas a color)
_c32 cm.
500 _aIncluye índice onomástico y biografías
650 1 4 _aLa figura humana en el arte
_93753
650 1 4 _aEscultura mexicana
_ySiglo XX
_93754
700 1 _aKassner, Lily S. de
_93755
710 2 _aBancreser
_93756
942 _2lcc
_cB
999 _c1019
_d1019